LIBRARY & INFORMATION CENTRE, KCAET, TAVANUR

ONLINE PUBLIC ACCESS CATALOGUE (OPAC)

Industrial organisation and engineering economics / (Record no. 16)

MARC details
000 -LEADER
fixed length control field 00662cam a2200265ua 4500
041 ## - LANGUAGE CODE
Language code of text/sound track or separate title eng
082 ## - DEWEY DECIMAL CLASSIFICATION NUMBER
Classification number 658.51
Item number BAN/IN
100 ## - MAIN ENTRY--AUTHOR NAME
Personal name Banga, T R .
245 ## - TITLE STATEMENT
Title Industrial organisation and engineering economics /
250 ## - EDITION STATEMENT
Edition statement 20 /
260 ## - PUBLICATION, DISTRIBUTION, ETC. (IMPRINT)
Place of publication :
Name of publisher Khanna Publishers ,
Year of publication 1994.
300 ## - PHYSICAL DESCRIPTION
Number of Pages 1671 ; .
650 ## - SUBJECT ADDED ENTRY--TOPICAL TERM
Topical Term Layout
650 ## - SUBJECT ADDED ENTRY--TOPICAL TERM
Topical Term Management
650 ## - SUBJECT ADDED ENTRY--TOPICAL TERM
Topical Term Production
650 ## - SUBJECT ADDED ENTRY--TOPICAL TERM
Topical Term Quality control and inspection
700 1# - ADDED ENTRY--PERSONAL NAME
Personal name Sharma , S C .
942 ## - ADDED ENTRY ELEMENTS (KOHA)
Koha item type Books
003 - CONTROL NUMBER IDENTIFIER
control field @
003 - CONTROL NUMBER IDENTIFIER
control field OSt
Holdings
Withdrawn status Lost status Damaged status Home library Current library Date acquired Full call number Accession Number Koha item type
      KAUAET KAUAET 07/04/2012 658.51 BAN/IN 18561 Books
free website counter